| 000 | 01005cam a2200253 4500 | ||
|---|---|---|---|
| 001 | ABS66715 | ||
| 008 | 030520n2003 000 0 eng u | ||
| 035 | _a(Sirsi) u122330 | ||
| 100 | _aKnutt, E. | ||
| 245 | 4 | _aThe view from here | |
| 260 | _c2003 | ||
| 490 |
_aHousing Today _v(332) 9 May 2003, 24-27(4) |
||
| 520 | _aProvides an overview of the state of social housing in Scotland's three biggest cities, Glasgow, Aberdeen and Edinburgh. Focuses on the progress of Glasgow Council's housing stock and services transfer to Glasgow Housing Association, Aberdeen's rebranding of its housing as Goodapple Homes and a housing management partnering contract in Edinburgh. Gives a summary of recent Scottish housing policy developments. | ||
| 590 | _aABS | ||
| 650 | _aPARTNERING AGREEMENTS | ||
| 650 | _aGLASGOW | ||
| 650 | _aREBRANDING | ||
| 650 | _aSCOTLAND | ||
| 650 | _aSTOCK TRANSFER | ||
| 650 | _aABERDEEN | ||
| 650 | _aEDINBURGH | ||
| 690 |
_aAffordable housing _96215 |
||
| 942 | _n0 | ||
| 999 |
_c72697 _d72697 |
||